000 00894nam a2200253 a 4500
999 _c11146
_d11146
001 11146
003 BD-JhCC
005 20190921112347.0
008 190603b20102018bg a|||| ||a| 001 0 ben d
020 _a984701140143 X
035 _a(BD-JhCC)11146
040 _aBD-JhCC
_dBD-JhCC
041 _aben
082 _bMAM 2018
100 _aমামুন, মনতাসীর
245 _aপাকিস্তানি জেনারেলদের মন বাঙালি বাংলাদেশ মুক্তিযুদ্ধ /
_cমনতাসীর মামুন ।
260 _aঢাকা:
_bসময় প্রকাশ;
_c২০১৮.
300 _a৫৪৩ পৃঃ . :
_bill;
_c২২ সেমি.
650 _aRevolution (Bangladesh : 1971)
650 _aDiplomatic relations
650 _aDiplomatic relations
942 _2ddc
_cBK